[Event "CAN-ch U12"]
[Site "Quebec"]
[Date "2008.07.16"]
[Round "6"]
[White "Nunez Painchaud, Raphael"]
[Black "Gagnon, Justin"]
[Result "1-0"]
[WhiteElo "1686"]
[BlackElo "1577"]
[PlyCount "121"]
[EventDate "2008.07.14"]
[EventType "swiss"]
[EventRounds "7"]
[EventCountry "CAN"]
[SourceTitle "EXT 2011"]
[Source "ChessBase"]
[SourceDate "2010.11.26"]
[SourceVersion "1"]
[SourceVersionDate "2010.11.26"]
[SourceQuality "1"]

1. c4 Nf6 2. Nf3 g6 3. Nc3 Bg7 4. g3 0-0 5. Bg2 d6 6. 0-0 e5 7. d3 Nc6 8. Rb1 a5 9. a3 Nd7 10. Bd2 f5 11. Nd5 Nf6 12. Bg5 h6 13. Bxf6 Bxf6 14. b4 axb4 15. axb4 Be6 16. Nxf6+ Qxf6 17. b5 Ne7 18. Nd2 c6 19. Qc2 Kg7 20. bxc6 bxc6 21. Rb7 Bf7 22. Rfb1 Rh8 23. Rc7 d5 24. h3 g5 25. Rbb7 Rae8 26. cxd5 cxd5 27. Qc5 Kf8 28. Nb3 Rh7 29. Na5 Bg8 30. Nc6 h5 31. Nxe7 Rhxe7 32. Ra7 e4 33. dxe4 dxe4 34. e3 g4 35. hxg4 hxg4 36. Bf1 Qe5 37. Qb4 Kf7 38. Bc4+ Kf6 39. Rxe7 Rxe7 40. Ra5 Qxa5 41. Qxa5 Bxc4 42. Qc3+ Kg6 43. Qxc4 Rf7 44. Qe6+ Kg7 45. Kf1 Rf6 46. Qe7+ Rf7 47. Qe5+ Kg6 48. Ke2 Rf6 49. Kd2 Rf7 50. Kc3 Rf6 51. Kd4 Rf7 52. Kd5 Ra7 53. Qe6+ Kg5 54. Qb6 Rf7 55. Qd8+ Kh6 56. Ke6 Kg7 57. Qh8+ Kg6 58. Qe8 Kh6 59. Qxf7 f4 60. Kf5 f3 61. Qg6# 1-0

[Event "CAN-ch U12"]
[Site "Quebec"]
[Date "2008.07.14"]
[Round "2"]
[White "Gagnon, Justin"]
[Black "Leveille, Francois1111"]
[Result "1-0"]
[WhiteElo "1577"]
[BlackElo "1124"]
[PlyCount "69"]
[EventDate "2008.07.14"]
[EventType "swiss"]
[EventRounds "7"]
[EventCountry "CAN"]
[SourceTitle "EXT 2011"]
[Source "ChessBase"]
[SourceDate "2010.11.26"]
[SourceVersion "1"]
[SourceVersionDate "2010.11.26"]
[SourceQuality "1"]

1. e4 e5 2. Nf3 Nc6 3. Bc4 Nf6 4. d3 Na5 5. Nxe5 Nxc4 6. Nxc4 d5 7. exd5 Nxd5 8. 0-0 Be6 9. Ne3 Nxe3 10. Bxe3 b6 11. Nc3 Bb4 12. Qf3 Bxc3 13. Qc6+ Bd7 14. Qxc3 0-0 15. Rfe1 Re8 16. Bd4 Rxe1+ 17. Rxe1 f6 18. Qc4+ Kf8 19. Be3 Qe7 20. Qe4 Qxe4 21. dxe4 Re8 22. f3 g6 23. Bd4 f5 24. e5 c5 25. Be3 Rxe5 26. Bh6+ Kf7 27. Rxe5 Kf6 28. Bg7+ Kf7 29. Bh6 Kf6 30. Re3 a5 31. Rb3 Be6 32. Rxb6 Ke5 33. Bg7+ Kd5 34. b3 Bg8 35. c4# 1-0